00919cam a22003374i 4500003000900000005001700009008004100026035001900067040003300086082001700119100002800136245006200164264003800226300005500264336002100319337002500340338002300365504004000388526001000428526001000438526001000448526001000458526000800468526000800476526000800484526000800492526000800500526000800508526000800516650005700524PE-LiUPU20250731172938.0150623s1976 miua rb 000 0 eng d a(Sirsi) a20953 aPE-LiUPUbspacPE-LiUPUerda04a281bB662211 aBoer, Harry R.,eautor.12aA Short History of the early Church /cpor Harry R. Boer. 1aGrand Rapids :bEerdmans,cc1976. a184 páginas :bilustraciones ;c22 centímetros atext2rdacontent aunmediated2rdamedia avolume2rdacarrier aBibliografía : páginas 178-179. aSEG42 aSEG41 aSEG40 aSEG39 aP94 aP87 aP86 aP85 aP77 aP76 aP3514aHistoria de la IglesiayEpoca primitiva, ca. 30-600.